000
00173 a2200085 4500
041
_a
spa
100
_a
Gabriel Garcia Marquez
245
_a
Del amor y otros cuentos
942
_c
K
999
_c
26479
_d
26479